00430nam a2200133Ia 4500008004100000100001300041245012700054245001300181260000900194300002400203440004300227500001100270650001500281170725s9999 xx 000 0 und d aLei Dong aUnderstanding investors’ reliance on disclosures of nonfinancial information and mitigating mechanisms for underreliance cLei Dong c2017 apages 431-454, June aAccounting and Business Researchv47:4 aCJ0032 aAccounting